[Event "Mittelfrank Regionalliga Sud-Ost 2223"]
[Site "Mittelfranken"]
[Date "2022.12.11"]
[Round "4.6"]
[White "Hoeller, Armin"]
[Black "Huber, Florian"]
[Result "1/2-1/2"]
[WhiteElo "2012"]
[BlackElo "1801"]
[PlyCount "92"]
[EventDate "2022.10.09"]
[EventType "team-tourn"]
[EventRounds "9"]
[EventCountry "GER"]
[SourceTitle "EXT 2024"]
[Source "ChessBase"]
[SourceDate "2023.10.10"]
[SourceVersion "1"]
[SourceVersionDate "2023.10.10"]
[SourceQuality "1"]
[WhiteTeam "Ilmmuenster"]
[BlackTeam "Landau Dingolfing"]
[WhiteTeamCountry "GER"]
[BlackTeamCountry "GER"]

1. c4 c6 2. g3 Nf6 3. Bg2 d5 4. Nf3 e6 5. 0-0 Bd6 6. b3 0-0 7. Bb2 Nbd7 8. Nc3 e5 9. cxd5 cxd5 10. Nb5 Bb8 11. Ba3 Re8 12. Nd6 Bxd6 13. Bxd6 Re6 14. Ba3 Qc7 15. Bb2 a5 16. Rc1 Rc6 17. d4 e4 18. Ne5 Rxc1 19. Qxc1 Qd8 20. Qc2 Nf8 21. Rc1 Ne6 22. f3 exf3 23. exf3 Ne8 24. f4 f6 25. Nd3 f5 26. Ne5 g6 27. Nd3 Nf6 28. Nc5 Ng7 29. Na4 Ne6 30. Qe2 Ne4 31. Nc5 Qb6 32. Bf1 Nc7 33. Na4 Qd6 34. Qc2 Ne6 35. Nc5 h5 36. Nxe6 Bxe6 37. Qc7 Qxc7 38. Rxc7 Rc8 39. Rxb7 Rc2 40. Re7 Bf7 41. Ba3 Rxa2 42. Bc1 Ra1 43. Be3 Rb1 44. Rb7 a4 45. b4 a3 46. Ra7 Rxb4 1/2-1/2

[Event "Regionalliga Sued-Ost 1819"]
[Site "Bayern"]
[Date "2018.11.25"]
[Round "3.8"]
[White "Gschwendtner, Klaus"]
[Black "Hoeller, Armin"]
[Result "1-0"]
[WhiteElo "2110"]
[BlackElo "1940"]
[PlyCount "81"]
[EventDate "2018.10.21"]
[EventType "team-tourn"]
[EventRounds "9"]
[EventCountry "GER"]
[SourceTitle "EXT 2022"]
[Source "ChessBase"]
[SourceDate "2021.10.06"]
[SourceVersion "1"]
[SourceVersionDate "2021.10.06"]
[SourceQuality "1"]
[WhiteTeam "Starnberg SC"]
[BlackTeam "Ilmmuenster"]
[WhiteTeamCountry "GER"]
[BlackTeamCountry "GER"]

1. e4 e5 2. Nf3 Nc6 3. Bb5 a6 4. Ba4 Nf6 5. 0-0 Be7 6. Bxc6 dxc6 7. d3 Bg4 8. h3 Bh5 9. g4 Nxg4 10. hxg4 Bxg4 11. Nbd2 f5 12. exf5 0-0 13. Qe2 Rxf5 14. Qe3 Bd6 15. Nh2 Rf4 16. Ne4 Bf5 17. Qg3 Bxe4 18. dxe4 Rxe4 19. Bg5 Qd7 20. Rad1 Rf8 21. Rd2 Kh8 22. c3 h6 23. Be3 Qf5 24. Kh1 g5 25. Rg1 Rh4 26. f3 Qxf3+ 27. Qxf3 Rxf3 28. Bf2 Rhh3 29. Kg2 Rd3 30. Rgd1 e4 31. Nf1 Rdf3 32. Re2 Rh4 33. Bxh4 gxh4 34. Rxe4 Rf5 35. Rxh4 Kg7 36. Ne3 Re5 37. Kf3 h5 38. Rg1+ Kf6 39. Rf4+ Ke6 40. Re4 h4 41. Rg6+ 1-0

[Event "Wunsiedel op 12th"]
[Site "Wunsiedel"]
[Date "2018.05.21"]
[Round "9"]
[White "Hoeller, Armin"]
[Black "Leeb, Simon"]
[Result "1/2-1/2"]
[WhiteElo "1991"]
[BlackElo "2237"]
[PlyCount "105"]
[EventDate "2018.05.17"]
[EventType "swiss"]
[EventRounds "9"]
[EventCountry "GER"]
[SourceTitle "CBM 184 Extra"]
[Source "ChessBase"]
[SourceDate "2018.06.28"]
[SourceVersion "1"]
[SourceVersionDate "2018.06.28"]
[SourceQuality "1"]

1. c4 c6 2. g3 g6 3. Bg2 Bg7 4. Nc3 e5 5. d3 Ne7 6. e4 Na6 7. Nge2 d6 8. 0-0 h5 9. h3 Be6 10. Bg5 Qd7 11. Kh2 Nc7 12. Rb1 f6 13. Bd2 b5 14. cxb5 cxb5 15. d4 Bc4 16. Be3 b4 17. b3 Ba6 18. Nd5 Ncxd5 19. exd5 0-0 20. dxe5 fxe5 21. Qd2 Kh7 22. Rfe1 Nf5 23. Ng1 Nxe3 24. fxe3 Rf5 25. Be4 Rf6 26. Nf3 Raf8 27. Kg2 Bc8 28. Ng5+ Kh6 29. Ne6 Rf2+ 30. Qxf2 Rxf2+ 31. Kxf2 Qf7+ 32. Kg2 Bxe6 33. dxe6 Qxe6 34. Red1 Bf6 35. Rbc1 Qd7 36. Rc6 Be7 37. Rdc1 Bd8 38. Rd1 Be7 39. Rdc1 Qd8 40. Rd1 Qa5 41. Rd2 Qb5 42. Kf2 Qb7 43. Rdc2 h4 44. g4 Bg5 45. Ke2 a5 46. Rd2 Qa7 47. Rd3 Be7 48. Bd5 Qb8 49. Be4 Qa7 50. Rc8 Kg7 51. Bd5 Kh7 52. Rd2 Bg5 53. Rd3 1/2-1/2

[Event "Oberbayern-ch"]
[Site "Groebenzell"]
[Date "2018.05.11"]
[Round "3.11"]
[White "Hoeller, Armin"]
[Black "Vaccaroni, Juan Manuel"]
[Result "0-1"]
[WhiteElo "1899"]
[BlackElo "1970"]
[PlyCount "88"]
[EventDate "2018.05.10"]
[EventType "swiss"]
[EventRounds "7"]
[EventCountry "GER"]
[SourceTitle "EXT 2022"]
[Source "ChessBase"]
[SourceDate "2021.10.06"]
[SourceVersion "1"]
[SourceVersionDate "2021.10.06"]
[SourceQuality "1"]

1. c4 e5 2. g3 Nf6 3. Bg2 d5 4. cxd5 Nxd5 5. d4 Bb4+ 6. Kf1 Nb6 7. a3 Be7 8. d5 0-0 9. Nc3 c6 10. h4 cxd5 11. Nxd5 Nxd5 12. Bxd5 Be6 13. Bb3 Qb6 14. Bxe6 Qxe6 15. Be3 Nc6 16. Nf3 Rad8 17. Qa4 Nd4 18. Bxd4 exd4 19. Rd1 Bc5 20. Rd3 Rfe8 21. Qc2 Bb6 22. Ng5 Qg6 23. Kg2 h6 24. Nf3 Qe4 25. Re1 f5 26. b4 f4 27. g4 Qe6 28. Nh2 Kh8 29. Qd2 Qf6 30. Nf3 Qe6 31. Qxf4 Rf8 32. Qg3 Qe4 33. Kh3 Rd7 34. Qe5 Rxf3+ 35. exf3 Qxd3 36. Qe8+ Kh7 37. Qxd7 Qxf3+ 38. Kh2 Qxf2+ 39. Kh3 Qxe1 40. Qf5+ Kg8 41. Qc8+ Kf7 42. Qxb7+ Qe7 43. Qd5+ Qe6 44. Qb7+ Kg8 0-1

[Event "Oberbayern-ch"]
[Site "Groebenzell"]
[Date "2018.05.10"]
[Round "2.7"]
[White "Hoeller, Armin"]
[Black "Glawe, Ralf"]
[Result "0-1"]
[WhiteElo "1899"]
[BlackElo "2059"]
[PlyCount "82"]
[EventDate "2018.05.10"]
[EventType "swiss"]
[EventRounds "7"]
[EventCountry "GER"]
[SourceTitle "EXT 2022"]
[Source "ChessBase"]
[SourceDate "2021.10.06"]
[SourceVersion "1"]
[SourceVersionDate "2021.10.06"]
[SourceQuality "1"]

1. c4 c5 2. g3 g6 3. Bg2 Bg7 4. Nc3 Nc6 5. e4 e6 6. Nge2 Nge7 7. d3 0-0 8. 0-0 d6 9. a3 Rb8 10. Rb1 b6 11. b4 Bb7 12. b5 Nd4 13. Nxd4 cxd4 14. Ne2 e5 15. f4 f5 16. a4 fxe4 17. dxe4 Rc8 18. Qb3 Kh8 19. Ba3 Qd7 20. Qd3 Qe6 21. Rbc1 Bh6 22. Rc2 Ng8 23. h3 Rf7 24. Kh2 Nf6 25. f5 Qe7 26. g4 Nd7 27. Kg3 Bg5 28. Rh1 Bh4+ 29. Kh2 Nc5 30. Bxc5 Rxc5 31. Nc1 Bg5 32. Nb3 Rc8 33. Rf1 Be3 34. a5 Qg5 35. axb6 axb6 36. Nc1 Re8 37. Na2 gxf5 38. gxf5 Rg8 39. Kh1 Qh4 40. Nb4 Rxg2 41. Rxg2 Bxe4 0-1

[Event "Munich OIS op 37th"]
[Site "Munich"]
[Date "2017.10.07"]
[Round "8"]
[White "Huber, Edwin"]
[Black "Hoeller, Armin"]
[Result "1-0"]
[WhiteElo "2125"]
[BlackElo "2015"]
[PlyCount "65"]
[EventDate "2017.09.30"]
[EventType "swiss"]
[EventRounds "9"]
[EventCountry "GER"]
[SourceTitle "CBM 181 Extra"]
[Source "ChessBase"]
[SourceDate "2017.12.12"]
[SourceVersion "1"]
[SourceVersionDate "2017.12.12"]
[SourceQuality "1"]

1. d4 f5 2. e4 fxe4 3. Nc3 Nf6 4. Bg5 Nc6 5. d5 Ne5 6. Qe2 d6 7. 0-0-0 Bg4 8. f3 exf3 9. gxf3 Bf5 10. f4 Bg4 11. Qg2 Bxd1 12. fxe5 dxe5 13. Bb5+ Kf7 14. Kxd1 c6 15. Bc4 cxd5 16. Bb3 e6 17. Nf3 Bd6 18. Rf1 h6 19. Bh4 Rg8 20. Kc1 e4 21. Nd4 g5 22. Qh3 Qe7 23. Bg3 Bxg3 24. hxg3 Rad8 25. Qxh6 Rg6 26. Qh7+ Rg7 27. Qh3 g4 28. Qh5+ Kg8 29. Qe5 Kf7 30. Nxe4 dxe4 31. Bxe6+ Ke8 32. Rxf6 Rd6 33. Nf5 1-0

[Event "Regionalliga SO 1617"]
[Site "Bayern"]
[Date "2017.03.19"]
[Round "7.8"]
[White "Seitner, Ralf"]
[Black "Hoeller, Armin"]
[Result "1-0"]
[WhiteElo "2022"]
[BlackElo "1961"]
[PlyCount "63"]
[EventDate "2016.10.16"]
[EventType "team-tourn"]
[EventRounds "9"]
[EventCountry "GER"]
[SourceTitle "EXT 2019"]
[Source "ChessBase"]
[SourceDate "2018.10.10"]
[SourceVersion "1"]
[SourceVersionDate "2018.10.10"]
[SourceQuality "1"]
[WhiteTeam "Ingolstadt"]
[BlackTeam "Ilmmuenster"]
[WhiteTeamCountry "GER"]
[BlackTeamCountry "GER"]

1. d4 f5 2. Nc3 Nf6 3. Bf4 e6 4. e3 d5 5. Bd3 c5 6. Nb5 Na6 7. dxc5 Bxc5 8. Nf3 0-0 9. 0-0 Bd7 10. Nbd4 Nb4 11. Be2 Nc6 12. c4 Qe7 13. cxd5 Nxd5 14. Nxc6 Bxc6 15. Ne5 Be8 16. Nd3 Nxf4 17. exf4 Bd4 18. Bf3 g5 19. fxg5 e5 20. Qb3+ Bf7 21. Bd5 Qxg5 22. Qxb7 Rad8 23. Bxf7+ Rxf7 24. Qb3 e4 25. Ne1 f4 26. Kh1 Qf6 27. Rd1 Kh8 28. Nc2 f3 29. gxf3 Rg8 30. Nxd4 Rfg7 31. Rg1 Qxd4 32. Qxg8+ 1-0

[Event "Bayern-ch"]
[Site "Rosenheim"]
[Date "2014.08.28"]
[Round "8"]
[White "Woitylak, Steffen"]
[Black "Hoeller, Armin"]
[Result "1-0"]
[WhiteElo "1921"]
[BlackElo "2035"]
[PlyCount "61"]
[EventDate "2014.08.23"]
[EventType "swiss"]
[EventRounds "9"]
[EventCountry "GER"]
[SourceTitle "EXT 2015"]
[Source "ChessBase"]
[SourceDate "2014.11.20"]
[SourceVersion "1"]
[SourceVersionDate "2014.11.20"]
[SourceQuality "1"]

1. Nf3 e6 2. b3 d5 3. Bb2 Nf6 4. e3 Be7 5. Bd3 c5 6. 0-0 0-0 7. c4 Nc6 8. Be2 d4 9. d3 e5 10. Na3 Ne8 11. Nc2 f5 12. exd4 cxd4 13. b4 Bd6 14. c5 Bc7 15. b5 Ne7 16. Nb4 Rf6 17. Ng5 g6 18. Qb3+ Kg7 19. f4 h6 20. fxe5 Bxe5 21. Nf3 Re6 22. Rae1 Bf6 23. Qc4 Nc7 24. Nxd4 Re3 25. Nbc2 Ned5 26. Bf3 Rxe1 27. Rxe1 Nf4 28. a4 Ncd5 29. g3 Nh3+ 30. Kg2 Nhf4+ 31. Kh1 1-0